02584cam a2200313 a 4500001001000000003000900010005001700019007000300036008004100039020002400080040002600104082001900130245009100149246006600240260017400306300003500480490003900515490001700554500045600571504004201027505053601069505036301605600006601968651004902034700002602083700003202109710007402141830005502215000014461DO-SdBNP20251031092906.0ta011127s2000 mx ab b 001 0 spa  a968638443X (tomo15) aDO-SdBNPbspacBNPHU  4a925bH919a22200aHumboldt y América Latina /ccompiladores ; Leopoldo Zea, Alberto Saladino García.15aBicentenario del otro descubrimiento de Alejandro de Humboldt aMéxico :bPrograma Universitario de Difusión de Estudios Latinoamericanos :bInstituto Panamericano de Geografía e Historia :bFondo de Cultura Económica,c2000. a137 p. :bil., mapas ;c21 cm.1 aLatinoamérica fin de mileniov151 aTierra firme a"Analizar bajo los parametros del rigor científico la obra de Humboldt para homenajearlo por el bicentenario de su arribo a tierras americanas, fue la motivación de todas las actividades inspiradas por la Comisión Nacional, la cual apoyo la realizacion de diversos eventos como los organizados en la Universidad Autonoma del Estado de México, por medio de la Sociedad Latinoamericana de Estudios sobre América Latina y el Caribe..."--P. [5]. aIncluye referencias bibliográficas.0 aContexto cultural hispanoamericano durante la visita de Alejandro de Humboldt / Alberto Saladino Garcia -- La valoración de Humboldt en los homenajes mexicanos del siglo XIX / Luz Fernanda Azuela -- Humboldt y el desarrollo de la cartografía mexicana / J. Omar Moncada Maya -- El Libertador, el Sabio y el Dictador / Gustavo Vargas Martínez -- Humboldt y la botánica americana / Graciela Zamudio, Armando Butanda -- Humboldt y la minería de la Nueva España / María Teresa Sánchez Salazar, Héctor Mendoza Vargas --0 aHumboldt, el medio y la representación orgánica de la Ciudad de México / Federico Fernández Christlieb -- La imagen del indígena en el Ensayo político sobre el reino de la Nueva España / Marco Antonio Urdapilleta Munoz -- Humboldt y el noroeste de América / Virginia González Claverán -- Humboldt, maestro universal / Antonio Luna Moreno.14aHumboldt, Alexander Von,d1769-1859xViajeszAmérica Latina 0aAmérica Latina xCivilizaciónySiglo XIX1 aZea, Leopoldo,d1912-1 aSaladino García, Alberto.2 aLatin American Society of Studies on Latin America and the Caribbean. 0aLatinoamérica fin de milenio ;v15ptierra firme